Intellectual Property
Contents: Prliminary; copyright and related rights; the law breach of confidence; patent law.
সংরক্ষণ করুন:
| প্রধান লেখক: | |
|---|---|
| বিন্যাস: | গ্রন্থ |
| ভাষা: | Undetermined |
| প্রকাশিত: |
London
Longman
2009
|
| বিষয়গুলি: | |
| ট্যাগগুলো: |
ট্যাগ যুক্ত করুন
কোনো ট্যাগ নেই, প্রথমজন হিসাবে ট্যাগ করুন!
|
| Thư viện lưu trữ: | Trung tâm Học liệu Trường Đại học Cần Thơ |
|---|
| LEADER | 00635nam a2200205Ia 4500 | ||
|---|---|---|---|
| 001 | CTU_152950 | ||
| 008 | 210402s9999 xx 000 0 und d | ||
| 020 | |c 49.16 | ||
| 082 | |a 346.41048 | ||
| 082 | |b B162 | ||
| 100 | |a Bainbridge, David I. | ||
| 245 | 0 | |a Intellectual Property | |
| 245 | 0 | |c Davi I. Bainbridge | |
| 260 | |a London | ||
| 260 | |b Longman | ||
| 260 | |c 2009 | ||
| 520 | |a Contents: Prliminary; copyright and related rights; the law breach of confidence; patent law. | ||
| 650 | |a Intellectual property,Sở hữu trí tuệ | ||
| 904 | |i Tuyến | ||
| 980 | |a Trung tâm Học liệu Trường Đại học Cần Thơ | ||